मराठी गद्यलेखन शैलीचा उद्गम आणि विकास (Record no. 470482)

MARC details
000 -LEADER
fixed length control field 00679nam a2200145Ia 4500
008 - FIXED-LENGTH DATA ELEMENTS--GENERAL INFORMATION
fixed length control field 100204s9999 xx 000 0 und d
082 ## - DEWEY DECIMAL CLASSIFICATION NUMBER
Item number 25302
100 ## - MAIN ENTRY--PERSONAL NAME
Personal name परचुरे श्री. दि.
245 ## - TITLE STATEMENT
Title मराठी गद्यलेखन शैलीचा उद्गम आणि विकास
260 ## - PUBLICATION, DISTRIBUTION, ETC. (IMPRINT)
Name of publisher, distributor, etc "आशा प्रकाशन, कोल्हापूर"
Date of publication, distribution, etc 1992
300 ## - PHYSICAL DESCRIPTION
Extent 283/74
630 ## - SUBJECT ADDED ENTRY--UNIFORM TITLE
Uniform title मराठी गद्यलेखन शैलीचा उद्गम आणि विकास
730 ## - ADDED ENTRY--UNIFORM TITLE
Uniform title मराठी गद्यलेखन शैलीचा उद्गम आणि विकास
942 ## - ADDED ENTRY ELEMENTS (KOHA)
Koha item type Book
Holdings
Withdrawn status Lost status Damaged status Not for loan Home library Current library Date acquired Cost, normal purchase price Total Checkouts Full call number Barcode Date last seen Cost, replacement price Price effective from Koha item type
        N. C. Kelkar Sarvajanik Library, Mulund N. C. Kelkar Sarvajanik Library, Mulund 08/21/2002 200.00   25302 NCKMULUND-25302 02/04/2010 200.00 02/04/2010 Book